| 000 | 00626nam a22001937a 4500 | ||
|---|---|---|---|
| 999 |
_c1069 _d1069 |
||
| 003 | OSt | ||
| 005 | 20210623101148.0 | ||
| 008 | 210623b ||||| |||| 00| 0 eng d | ||
| 020 | _a9780983711124 | ||
| 040 |
_cALUPE UNIVERSITY _dALUPE UNIVERSITY |
||
| 050 |
_aRA 643.86 _b .K4M43 2013 |
||
| 100 | _a: Bartlett, John G | ||
| 245 |
_a2013 medical management of HIV infection _b2013 medical management of HIV infection |
||
| 250 |
_aKenya edition _bKenya edition |
||
| 260 |
_a Durham _bKnowledge source solutions, _c.c2013 |
||
| 300 |
_a viii _b 604 pages |
||
| 600 | _2Medical management | HIV infection | ||
| 942 |
_2lcc _cBK _nDO |
||